000 00312nam a2200145Ia 4500
100 _aBimbhra/P.S.
942 _cBK
654 _aElectrical Machinery
245 _aElectrical Machinery
260 _bKhanna Pub
_aDelhi
_c1997
082 _a621.31042
_bBIM
300 _a1182
546 _aENGLISH
999 _c29272
_d29272